000 00416cam a2200169ua 4500
001 1303
008 110701n ii |||gr||||Z||||||asm
040 _cMAIN
082 _a333.7
245 1 _aPoribesh arthabigyan.
_cBy Rafique Ahmed.
250 _a4th.
260 _aJorhat.:
_bUnika prakashan.,
_c2008.
300 _a340 p.:
_c24 cm.
653 _aEnvironmental science.
700 1 _aAhmed, Rafique.,
942 _cBK
999 _c1204
_d1204